Prototipo de un taladro automatico por control numerico

Salvato in:
Dettagli Bibliografici
Autore principale: Moreira, Gustavo
Natura: Tesi Libro
Lingua:Undetermined
Pubblicazione: 1982
Soggetti:
Tags: Aggiungi Tag
Nessun Tag, puoi essere il primo ad aggiungerne!!

MARC

LEADER 00000nam a2200000Ia 4500
001 1947
008 140114s9999 xx 000 0 und d
100 |a Moreira, Gustavo 
245 |a Prototipo de un taladro automatico por control numerico 
260 |c 1982 
500 |a NULL 
502 |a Escuela de ingenieria Electrica 
650 |z TALADRO AUTOMATICO 
999 |c 11464  |d 11464